书目信息 |
| 题名: |
理工类学生专业论文导写
|
|
| 作者: | 欧阳周 , 刘道德 编著 | |
| 分册: | ||
| 出版信息: | 长沙 中南大学出版社 2000.09 |
|
| 页数: | 354页 | |
| 开本: | 20cm | |
| 丛书名: | ||
| 单 册: | ||
| 中图分类: | G642.477 | |
| 科图分类: | ||
| 主题词: | 教育--各级 | |
| 电子资源: | ||
| ISBN: | 7-81061-365-0 | |
| 000 | 00646nam0 2200205 45 | |
| 001 | 0138656558 | |
| 005 | 2001111610441639 | |
| 010 | @a7-81061-365-0@dRMB 14.00 | |
| 100 | @a20011116d2000 km y0chiy0120 ea | |
| 101 | 0 | @achi |
| 102 | @aCN | |
| 200 | 1 | @a理工类学生专业论文导写@ALi Gong Lei Xue Sheng Zhuan Ye Lun Wen Dao Xie@f欧阳周,刘道德等编著@FOu Yang Zhou,Liu Dao De Deng Bian Zhu |
| 210 | @a长沙@c中南大学出版社@d2000.09 | |
| 215 | @a354页@d20cm | |
| 606 | 0 | @a教育@x各级 |
| 690 | @aG642.477@v3 | |
| 701 | 0 | @a欧阳周@AOu Yang Zhou@4编著 |
| 701 | 0 | @a刘道德@ALiu Dao De@4编著 |
| 801 | 0 | @aCN@bPFT@c20011116 |
| 905 | @a安徽大学@dG642.477@eO608 | |
| 理工类学生专业论文导写/欧阳周,刘道德等编著.-长沙:中南大学出版社,2000.09 |
| 354页;20cm |
| ISBN 7-81061-365-0:RMB 14.00 |
| ● |
| 相关链接 |
|
|
|
正题名:理工类学生专业论文导写
索取号:G642.477/O608
 
预约/预借
| 序号 | 登录号 | 条形码 | 馆藏地/架位号 | 状态 | 备注 |
| 1 | 352289 | 203522893 | 社科二线422/409社科库 11排2列2层/ [索取号:G642.477/O608] | 在馆 | |
| 2 | 352290 | 203522900 | 社科二线422/409社科库 11排2列2层/ [索取号:G642.477/O608] | 在馆 | |
| 3 | 352291 | 203522919 | 社科库409/409社科库 11排2列2层/ [索取号:G642.477/O608] | 在馆 | |
| 4 | 352292 | 203522928 | 社科二线422/409社科库 11排2列2层/ [索取号:G642.477/O608] | 在馆 | |
| 5 | 352293 | 203522937 | 社科库409/409社科库 11排2列2层/ [索取号:G642.477/O608] | 在馆 |